Voices Against War : (Record no. 17124)
[ view plain ]
| 000 -LEADER | |
|---|---|
| fixed length control field | 00943pam a2200277 a 4500 |
| 001 - CONTROL NUMBER | |
| control field | 015523176 |
| 003 - CONTROL NUMBER IDENTIFIER | |
| control field | Uk |
| 005 - DATE AND TIME OF LATEST TRANSACTION | |
| control field | 20121128135738.0 |
| 008 - FIXED-LENGTH DATA ELEMENTS--GENERAL INFORMATION | |
| fixed length control field | 101123t20102009stkacf b 001 0 eng c |
| 020 ## - INTERNATIONAL STANDARD BOOK NUMBER | |
| International Standard Book Number | 9781845965990 (pbk.) : |
| 020 ## - INTERNATIONAL STANDARD BOOK NUMBER | |
| International Standard Book Number | 184596599X (pbk.) : |
| 082 04 - DEWEY DECIMAL CLASSIFICATION NUMBER | |
| Classification number | 303.6609 |
| Edition number | 22 |
| Item number | SMI |
| 100 1# - MAIN ENTRY--PERSONAL NAME | |
| Personal name | Smith, Lyn, |
| Dates associated with a name | 1934- |
| 9 (RLIN) | 31557 |
| 245 10 - TITLE STATEMENT | |
| Title | Voices Against War : |
| Remainder of title | a Century of Protest / |
| Statement of responsibility, etc | Lyn Smith. |
| 260 ## - PUBLICATION, DISTRIBUTION, ETC. (IMPRINT) | |
| Place of publication, distribution, etc | Edinburgh : |
| Name of publisher, distributor, etc | Mainstream, |
| Date of publication, distribution, etc | 2010, c2009. |
| 300 ## - PHYSICAL DESCRIPTION | |
| Extent | 343 p., [8] p. of plates : |
| Other physical details | ill., ports. ; |
| Dimensions | 20 cm. |
| 500 ## - GENERAL NOTE | |
| General note | Published in association with the Imperial War Museum. |
| 500 ## - GENERAL NOTE | |
| General note | Formerly CIP. |
| Institution to which field applies | Uk |
| 504 ## - BIBLIOGRAPHY, ETC. NOTE | |
| Bibliography, etc | Includes bibliography (p. 325-327) and index. |
| 650 #0 - SUBJECT ADDED ENTRY--TOPICAL TERM | |
| Topical term or geographic name as entry element | Anti-war demonstrations |
| General subdivision | History. |
| 9 (RLIN) | 31558 |
| 650 #0 - SUBJECT ADDED ENTRY--TOPICAL TERM | |
| Topical term or geographic name as entry element | Pacifists |
| General subdivision | History. |
| 9 (RLIN) | 31559 |
| 653 ## - INDEX TERM--UNCONTROLLED | |
| Resource For college | |
| Arrived date list | November2012 |
| 690 7# - LOCAL SUBJECT ADDED ENTRY--TOPICAL TERM (OCLC, RLIN) | |
| Topical term or geographic name as entry element | Social Welfare |
| Source of heading or term | blcoll |
| 710 2# - ADDED ENTRY--CORPORATE NAME | |
| Corporate name or jurisdiction name as entry element | Imperial War Museum (Great Britain) |
| 9 (RLIN) | 31560 |
| 942 ## - ADDED ENTRY ELEMENTS (KOHA) | |
| Source of classification or shelving scheme | Dewey Decimal Classification |
| Item type | Book - Borrowing |
| Withdrawn status | Item status | Source of classification or shelving scheme | Damaged status | Not for loan | Vendor | Home library | Current library | Shelving location | Date acquired | Source of acquisition | Cost, normal purchase price | Serial Enumeration / chronology | Total Checkouts | Total Renewals | Full call number | Barcode | Date last seen | Date last borrowed | Koha item type |
|---|---|---|---|---|---|---|---|---|---|---|---|---|---|---|---|---|---|---|---|
| Dewey Decimal Classification | Al Kotob Khan | Central Library | Central Library | First floor | 28/11/2012 | 82.00 | 1 | 5 | 7 | 303.6609 SMI | 000027856 | 15/07/2025 | 04/11/2015 | Book - Borrowing |